000 00385nam a22001697a 4500
005 20190124112942.0
008 160627b xxu||||| |||| 00| 0 eng d
020 _a0-7167-4947-5
041 _aeng
082 _b10273
100 _aGOLDSBY, RICHARD A. AND OTHERS
_94894
245 _aIMMUNIOLOGY
260 _bFreeman
300 _a550
650 _aAgriculture
_92837
942 _cBK
999 _c4200
_d4199